000 00608nam a22001937a 4500
999 _c157016
_d157016
005 20180925154352.0
010 _aENG-123973
020 _c995.00
_a9789385289149
035 _aEN-107505
037 _bDBAD/PUB
082 _a954.092
100 _aAsha Kiran
245 _aBharat ratna atal bihari vajpayee /
_cby Asha Kiran
260 _bSolar Books
_aNew Delhi
_c2017
270 _a4239A/1, Veer Sadan, Ansari Road (Behind Delhi Hospital) Darya Ganj,
_bNew Delhi
_e110002
300 _aviii,284p
_c23cm.(Hb.)
500 _aIt includes bibliography
942 _2ddc
_cEN
_mASH
_h954.092